000 00682ntaaa2200193 4500
003 01
005 20251027202408.0
008 0714s1973 ag 01
040 _aAR-BaBN
_bspa
_cAR-BaBN
_eaacr
_dRIC
082 _a284.1000 Sw5
100 _aSwihart, Altman K
_922671
245 _aLuther and the lutheran church 1483-1960
250 _a1 ed.
260 _aLondon :
_bPeter Owen Ltd,
_cc1ç960
300 _a703 p
500 _aBiografía de Lutero, Martín, 1483-1546, sus enseñanzas. Historia de la iglesia Luterana en Europa y América, su organización, liturgia, desarrollo moderno y su parte en el movimiento ecuménico.
650 _aLuterana-iglesia
_922672
942 _cBK
999 _c18846
_d18846